Southville International School and Colleges
Your cart is empty.
  • Cart
  • Lists
    Public lists Eva Luna New books Lux_list list_1
    Your lists Log in to create your own lists
  • Log in to your account
  • Your cookies
  • Search history
Southville International School and Colleges
  • Advanced search
  • Recent comments
  • Most popular
  • Libraries

Log in to your account

Log in with GOOGLE


If you do not have an external account, but do have a local account, you can still log in:

  1. Home
  2. MARC view: The gates of exquisite view /
Normal view MARC view ISBD view

The gates of exquisite view / (Record no. 10855)

[ view plain ]
MARC details
000 -LEADER
fixed length control field 00657pam a2200241 a 4500
001 - CONTROL NUMBER
control field 3840186
003 - CONTROL NUMBER IDENTIFIER
control field OSt
005 - DATE AND TIME OF LATEST TRANSACTION
control field 20160229095427.0
008 - FIXED-LENGTH DATA ELEMENTS--GENERAL INFORMATION
fixed length control field 870514r1988 nyu 000 1 eng
010 ## - LIBRARY OF CONGRESS CONTROL NUMBER
LC control number 87013630
020 ## - INTERNATIONAL STANDARD BOOK NUMBER
International Standard Book Number 0451156587
Terms of availability $18.95
040 ## - CATALOGING SOURCE
Original cataloging agency DLC
Transcribing agency DLC
Modifying agency DLC
050 00 - LIBRARY OF CONGRESS CALL NUMBER
Classification number PR 6070.R367
Item number .T794 1988
082 00 - DEWEY DECIMAL CLASSIFICATION NUMBER
Classification number FIC
Item number T72g 1988
100 1# - MAIN ENTRY--PERSONAL NAME
Personal name Trenhaile, John.
9 (RLIN) 17920
245 14 - TITLE STATEMENT
Title The gates of exquisite view /
Statement of responsibility, etc John Trenhaile.
250 ## - EDITION STATEMENT
Edition statement 1st American ed.
260 ## - PUBLICATION, DISTRIBUTION, ETC. (IMPRINT)
Place of publication, distribution, etc New York :
Name of publisher, distributor, etc Dutton,
Date of publication, distribution, etc c1988.
300 ## - PHYSICAL DESCRIPTION
Extent 374 p. :
Dimensions 18 cm.
906 ## - LOCAL DATA ELEMENT F, LDF (RLIN)
a 7
b cbc
c orignew
d 1
e ocip
f 19
g y-gencatlg
942 ## - ADDED ENTRY ELEMENTS (KOHA)
Source of classification or shelving scheme Library of Congress Classification
Koha item type Books
Holdings
Withdrawn status Lost status Source of classification or shelving scheme Damaged status Home library Current library Shelving location Date acquired Total Checkouts Full call number Barcode Date last seen Copy number Price effective from Koha item type
    Library of Congress Classification   Luxembourg Library Luxembourg Library Fiction Section 09/11/2013   PR 6070.R367 .T794 1988 6779 09/11/2013 1 09/11/2013 Books

The gates of exquisite view /

APA

Trenhaile J., . (1988). The gates of exquisite view. New York: Dutton.

Chicago

Trenhaile John, . 1988. The gates of exquisite view. New York: Dutton.

Harvard

Trenhaile J., . (1988). The gates of exquisite view. New York: Dutton.

MLA

Trenhaile John, . The gates of exquisite view. New York: Dutton. 1988.

  • Place hold
  • Print
  • Cite
  • Add to your cart (remove)
  • Save record
    BIBTEX Dublin Core MARCXML MARC (non-Unicode/MARC-8) MARC (Unicode/UTF-8) MARC (Unicode/UTF-8, Standard) MODS (XML) RIS
  • More searches
    Search for this title in:
    Other Libraries (WorldCat) Other Databases (Google Scholar) Online Stores (Bookfinder.com) Open Library (openlibrary.org)

Exporting to Dublin Core...

SOUTHVILLE LIBRARY

Southville International School and Colleges Library

1281 Tropical Ave. Cor. Luxembourg St., BF Homes International, Las Pinas City

Tel. No. 8256374 / 252358 Loc. 117/146

Powered by Koha